[Event "Foment Martinenc op-C 16th"]
[Site "Barcelona"]
[Date "2014.05.31"]
[Round "6"]
[White "Alcayna Sanz, Enrique"]
[Black "Granollers Colom, Albert"]
[Result "0-1"]
[WhiteElo "1768"]
[BlackElo "1718"]
[PlyCount "37"]
[EventDate "2014.04.26"]
[EventType "swiss"]
[EventRounds "9"]
[EventCountry "ESP"]
[SourceTitle "EXT 2015"]
[Source "ChessBase"]
[SourceDate "2014.11.20"]
[SourceVersion "1"]
[SourceVersionDate "2014.11.20"]
[SourceQuality "1"]

1. c4 e5 2. Nc3 Nf6 3. g3 d5 4. cxd5 Nxd5 5. Bg2 Nxc3 6. bxc3 Nc6 7. d4 exd4 8. Bxc6+ bxc6 9. cxd4 Qd5 10. Nf3 Bg4 11. 0-0 Bb4 12. Qd3 0-0 13. e4 Qh5 14. Ng5 Be2 15. Qb3 Rab8 16. Rb1 Bxf1 17. Kxf1 h6 18. h4 hxg5 19. Bxg5 0-1

[Event "Foment Martinenc op-C 16th"]
[Site "Barcelona"]
[Date "2014.05.17"]
[Round "4"]
[White "Alcayna Sanz, Enrique"]
[Black "Marzo Ruiz, Xavier"]
[Result "1/2-1/2"]
[WhiteElo "1768"]
[BlackElo "1700"]
[PlyCount "57"]
[EventDate "2014.04.26"]
[EventType "swiss"]
[EventRounds "9"]
[EventCountry "ESP"]
[SourceTitle "EXT 2015"]
[Source "ChessBase"]
[SourceDate "2014.11.20"]
[SourceVersion "1"]
[SourceVersionDate "2014.11.20"]
[SourceQuality "1"]

1. c4 e5 2. Nc3 Nc6 3. e3 g6 4. g3 Bg7 5. Bg2 Nf6 6. a3 0-0 7. Nge2 d6 8. 0-0 Ne8 9. d4 f5 10. Bxc6 bxc6 11. dxe5 Bxe5 12. f4 Bg7 13. Nd4 Bb7 14. Re1 Qf6 15. b3 c5 16. Nde2 Qe6 17. Bb2 Bxc3 18. Nxc3 Nf6 19. Qd2 Ne4 20. Nxe4 Qxe4 21. Kf1 Qh1+ 22. Ke2 Qxh2+ 23. Kd1 Qxg3 24. Qc3 Kf7 25. Qf6+ Ke8 26. Qe6+ Kd8 27. Bf6+ Rxf6 28. Qxf6+ Kd7 29. Qf7+ 1/2-1/2

[Event "Cerdanyola del Valles op-B 29th"]
[Site "Cerdanyola del Valles"]
[Date "2011.10.15"]
[Round "3"]
[White "Alcayna Sanz, Enrique"]
[Black "Martinez Perez, Pablo"]
[Result "0-1"]
[WhiteElo "1804"]
[BlackElo "1505"]
[PlyCount "55"]
[EventDate "2011.10.01"]
[EventType "swiss"]
[EventRounds "8"]
[EventCountry "ESP"]
[SourceTitle "EXT 2013"]
[Source "ChessBase"]
[SourceDate "2012.11.22"]
[SourceVersion "1"]
[SourceVersionDate "2012.11.22"]
[SourceQuality "1"]

1. c4 e5 2. Nc3 Nf6 3. g3 Nc6 4. Bg2 d6 5. e3 Be7 6. Nge2 0-0 7. 0-0 Bf5 8. d4 exd4 9. Nxd4 Nxd4 10. Qxd4 c6 11. b3 Qd7 12. Rd1 Bh3 13. Bb2 Bxg2 14. Kxg2 Rfd8 15. e4 Qg4 16. f3 Qg6 17. Rd2 h5 18. Rad1 h4 19. e5 Nh5 20. Ne2 hxg3 21. hxg3 d5 22. Qg4 Qh6 23. cxd5 cxd5 24. Rxd5 Rxd5 25. Rxd5 Qe3 26. Qd4 Qxe2+ 27. Kh3 Qxf3 28. Qh4 0-1